Socio-Economic Atlas of Myanmar (Record no. 96672)
[ view plain ]
| 000 -LEADER | |
|---|---|
| fixed length control field | 01470nam a2200253Ii 4500 |
| 008 - FIXED-LENGTH DATA ELEMENTS--GENERAL INFORMATION | |
| fixed length control field | 221202s xx 000 0 und d |
| 100 1# - MAIN ENTRY--PERSONAL NAME | |
| Personal name | Kraas, Frauke, |
| Relator term | author |
| 245 #0 - TITLE STATEMENT | |
| Title | Socio-Economic Atlas of Myanmar |
| 264 #1 - PRODUCTION, PUBLICATION, DISTRIBUTION, MANUFACTURE, AND COPYRIGHT NOTICE | |
| Place of production, publication, distribution, manufacture | Stuttgart |
| Name of producer, publisher, distributor, manufacturer | Franz Steiner Verlag |
| Date of production, publication, distribution, manufacture, or copyright notice | 2017 |
| 300 ## - PHYSICAL DESCRIPTION | |
| Extent | 1 online resource |
| 336 ## - CONTENT TYPE | |
| Content type term | text |
| Content type code | txt |
| Source | rdacontent |
| 337 ## - MEDIA TYPE | |
| Media type term | computer |
| Media type code | c |
| Source | rdamedia |
| 338 ## - CARRIER TYPE | |
| Carrier type term | online resource |
| Carrier type code | cr |
| Source | rdacarrier |
| 520 ## - SUMMARY, ETC. | |
| Summary, etc. | The Socio-Economic Atlas of Myanmar focuses on the analysis and evaluation of regional differences in geographical conditions, natural resources, infrastructure and, in particular, the socio-economic development in the states and regions of the country in the current transformation process of Myanmar. The Atlas is based on international literature, statistical data, qualitative research and spatial information in a Geographic Information System on Myanmar. The spatial analyses aim to increase the state of knowledge about Myanmar both within the country and abroad, and to support decision-making on spatial development policy. |
| 653 ## - INDEX TERM--UNCONTROLLED | |
| Uncontrolled term | Development |
| 653 ## - INDEX TERM--UNCONTROLLED | |
| Uncontrolled term | Earth Science |
| 653 ## - INDEX TERM--UNCONTROLLED | |
| Uncontrolled term | Economic Development |
| 653 ## - INDEX TERM--UNCONTROLLED | |
| Uncontrolled term | Environment |
| 653 ## - INDEX TERM--UNCONTROLLED | |
| Uncontrolled term | Infrastructure |
| 700 1# - ADDED ENTRY--PERSONAL NAME | |
| Personal name | Myint, Aye Aye |
| 700 1# - ADDED ENTRY--PERSONAL NAME | |
| Personal name | Spohner, Regine |
| 856 ## - ELECTRONIC LOCATION AND ACCESS | |
| Uniform Resource Identifier | <a href="https://docs.google.com/spreadsheets/d/1yKIrdCPDAG_9c22mwoOIO2DOhtj65Wqa/edit?usp=sharing&ouid=106555315294820607512&rtpof=true&sd=true ">https://docs.google.com/spreadsheets/d/1yKIrdCPDAG_9c22mwoOIO2DOhtj65Wqa/edit?usp=sharing&ouid=106555315294820607512&rtpof=true&sd=true </a> |
| Link text | List of Curated E-Books |
| 942 ## - ADDED ENTRY ELEMENTS (KOHA) | |
| Koha item type | E-Book |
No items available.